<The> E-commerce book building the e-empire
Gespeichert in:
| 1. Verfasser: | |
|---|---|
| Weitere Verfasser: | |
| Format: | Buch |
| Sprache: | Englisch |
| Veröffentlicht: |
San Diego
Academic Press
2000
|
| Schlagworte: | |
| Tags: |
Keine Tags, Fügen Sie das erste Tag hinzu!
|
MARC
| LEADER | 00000nam a2200000 4500 | ||
|---|---|---|---|
| 001 | c125035 | ||
| 005 | 20221221084229.9 | ||
| 020 | |a 0-12-421160-7 | ||
| 041 | 0 | |a eng | |
| 044 | |a US | ||
| 245 | 1 | 0 | |a <The> E-commerce book |b building the e-empire |c Steffano Korper, Juanita Ellis |
| 264 | 1 | |a San Diego |b Academic Press |c 2000 | |
| 300 | |a 284 s. | ||
| 610 | 2 | 0 | |a obchod elektronický |
| 610 | 2 | 0 | |a využitie počítačov |
| 610 | 2 | 0 | |a siete počítačové |
| 610 | 2 | 0 | |a technológie informačné |
| 610 | 2 | 0 | |a stratégia obchodná |
| 610 | 2 | 0 | |a stratégia podniková |
| 610 | 2 | 0 | |a ochrana dát |
| 610 | 2 | 0 | |a softvér |
| 610 | 2 | 0 | |a poradenstvo |
| 100 | 1 | |a Korper, Steffano | |
| 700 | 1 | |a Ellis, Juanita | |